[Event "JUG-chT2"]
[Site "Becici"]
[Date "1993.??.??"]
[Round "5"]
[White "Micic, Cedomir"]
[Black "Pikula, Dejan"]
[Result "1/2-1/2"]
[WhiteElo "2285"]
[BlackElo "2330"]

1.e4 c5 2.Nf3 e6 3.d4 cxd4 4.Nxd4 Nc6 5.Nc3 d6 6.g3 Nf6 7.Bg2 Bd7 8.O-O Be7
9.Ndb5 Qb8 10.Bg5 a6 11.Bxf6 gxf6 12.Nd4 h5 13.h3 Qa7 14.Nce2 Qc5 15.Nxc6 bxc6
16.Nd4 Rb8 17.b3 Rb4 18.c4 Rb8 19.Qd3 Kf8 20.Kh1 Kg7 21.f4 Rbd8 22.Rae1 a5
23.Qc3 d5 24.Qe3 dxe4 25.Qxe4 f5 26.Nxf5+ Qxf5 27.Qxf5 exf5 28.Rxe7 Kf6 29.Re3 h4
30.gxh4 c5 31.Rd1 Be6 32.Rxd8 Rxd8 33.Re5 Rd2 34.Rxc5 Rxa2 35.Bc6 Kg6 36.Re5 Ra3
37.Bd5 Bxd5+ 38.Rxd5 Rxb3 39.Rxa5 Rxh3+ 40.Kg2 Rc3 41.Rc5 Kh5 42.Rxf5+  1/2-1/2

[Event "Beijing op"]
[Site "Beijing"]
[Date "1993.??.??"]
[Round "11"]
[White "Emms, John M"]
[Black "Liang Jinrong"]
[Result "1/2-1/2"]
[WhiteElo "2455"]
[BlackElo "2500"]

1.e4 c5 2.Nc3 Nc6 3.Nf3 e6 4.d4 cxd4 5.Nxd4 a6 6.Nxc6 bxc6 7.e5 Qc7 8.f4 d5
9.exd6 Bxd6 10.Ne4 Be7 11.Bd3 Nf6 12.O-O O-O 13.Qe2 g6 14.Ng5 c5 15.b3 Nd5
16.Bd2 Bf6 17.Rad1 Bb7 18.Qe1 h6 19.Ne4 Bd4+ 20.Kh1 Nf6 21.Nxf6+ Bxf6 22.Bc3 Bxc3
23.Qxc3 Rad8 24.Qf6 Rd4 25.Rde1 Qd8 26.Qxd8 Rfxd8 27.Kg1 Kf8 28.g3 a5 29.Re5 R8d5
30.Rfe1 Ke7 31.h4 Rxe5 32.Rxe5 Kd6 33.Kf2 a4 34.Re3 axb3 35.axb3 Rb4 36.Re1 Rb6
37.Ke3 Ba6 38.h5 Bxd3 39.Kxd3 gxh5 40.Rh1 Rb8 41.Ke3 Rg8 42.Kf3 Kd5 43.Rxh5+ Kd4
44.Rxh6 Kc3 45.Rh2 Rd8 46.Ke4 Rd1 47.Ke5 Rg1 48.Kd6 Rxg3 49.Kxc5 Rf3 50.b4 Rxf4
51.Rh3+ Kxc2 52.b5 Rg4 53.b6 Rg8 54.b7 f5 55.Kd6 f4 56.Rh7 Kd3 57.Kxe6 f3  1/2-1/2

[Event "Benasque op"]
[Site "Benasque"]
[Date "1993.??.??"]
[Round "4"]
[White "Tejero, Jorge"]
[Black "De la Riva Aguado, Oscar"]
[Result "0-1"]
[WhiteElo "2300"]
[BlackElo "2400"]

1.e4 c5 2.Nf3 e6 3.d4 cxd4 4.Nxd4 Nc6 5.Nc3 Qc7 6.Be3 a6 7.Bd3 Nf6 8.O-O Ne5
9.Be2 b5 10.f4 Nc4 11.Bxc4 Qxc4 12.e5 Nd5 13.Nxd5 Qxd5 14.Qe2 Bb7 15.Rad1 Rc8
16.c3 Qc4 17.Qf2 g6 18.Nb3 Bd5 19.Kh1 Be7 20.Nd2 Qc6 21.Bd4 O-O 22.Qg3 f5
23.exf6 Bxf6 24.Nf3 d6 25.Bxf6 Rxf6 26.Nd4 Qc4 27.f5 Rcf8 28.Nc2 Rxf5 29.Rxf5 Rxf5
30.Ne3 Qe2 31.Re1 Qf2  0-1

[Event "Benasque op"]
[Site "Benasque"]
[Date "1993.??.??"]
[Round "7"]
[White "Sax, Gyula"]
[Black "Etchegaray, Patrice"]
[Result "1-0"]
[WhiteElo "2515"]
[BlackElo "2410"]

1.e4 c5 2.Nc3 Nc6 3.Nge2 e6 4.d4 cxd4 5.Nxd4 Nf6 6.Bf4 d6 7.Bg3 a6 8.Be2 Be7
9.Nxc6 bxc6 10.e5 Nd5 11.exd6 Bxd6 12.Ne4 Bxg3 13.hxg3 O-O 14.c4 Nf6 15.Qxd8 Rxd8
16.Bf3 Rb8 17.b3 Nxe4 18.Bxe4 c5 19.Bxh7+ Kf8 20.Be4 Ke7 21.Rh7 Rd4 22.Bf3 g6
23.Rd1 Rxd1+ 24.Kxd1 a5 25.Rh8 Kd7 26.Kc2 a4 27.Rf8 Ke7 28.Rg8 Kd7 29.g4 axb3+
30.axb3 Rb6 31.Rf8 f5 32.Rf6 Ra6 33.Rxg6 Ra2+ 34.Kc3 Rxf2 35.g5 e5 36.Rf6 Ke7
37.Bd5 e4 38.Bxe4 Be6 39.Bf3 Ra2 40.Rh6  1-0

[Event "Benidorm op"]
[Site "Benidorm"]
[Date "1993.??.??"]
[Round "5"]
[White "Emms, John M"]
[Black "Sion Castro, Marcelino"]
[Result "1/2-1/2"]
[WhiteElo "2450"]
[BlackElo "2390"]

1.e4 c5 2.Nf3 e6 3.d4 cxd4 4.Nxd4 Nc6 5.Nc3 Qc7 6.Be3 a6 7.Bd3 Nf6 8.O-O Bd6
9.Nxc6 bxc6 10.f4 e5 11.f5 Be7 12.Qf3 Bb7 13.g4 h6 14.Bc4 d5 15.exd5 cxd5
16.Nxd5 Qxc4 17.Nxf6+ Bxf6 18.Qxb7 Qxg4+ 19.Qg2 Qxg2+ 20.Kxg2 Rc8 21.c3 Ke7
22.Rad1 Rhd8 23.Kf3 Bg5 24.Rxd8 Rxd8 25.Ke4 Bxe3 26.Kxe3 Kf6 27.b3 Rc8 28.c4 Rd8
29.c5 Rd4 30.c6 Ke7 31.f6+ gxf6 32.Rxf6 Rh4 33.c7 Kd7 34.Rxa6 Kxc7 35.Rf6 Rxh2  1/2-1/2

[Event "Berliner Sommer"]
[Site "Berlin"]
[Date "1993.??.??"]
[Round "?"]
[White "Thiel, Thomas"]
[Black "Brodsky, Michail"]
[Result "0-1"]
[WhiteElo "2265"]
[BlackElo "2515"]

1.e4 c5 2.Nf3 e6 3.d4 cxd4 4.Nxd4 Nc6 5.Nc3 a6 6.g3 d6 7.Bg2 Bd7 8.O-O Nf6
9.h3 Be7 10.g4 h6 11.f4 Qa5 12.Be3 Nxd4 13.Qxd4 Bc6 14.a4 e5 15.Qd2 exf4
16.Bxf4 Rd8 17.Rad1 Rd7 18.b3 O-O 19.Nd5 Qxd2 20.Rxd2 Bxd5 21.exd5 Rc8 22.c4 Kf8
23.Be3 Bd8 24.Bd4 b6 25.Bf3 Rb7 26.h4 Nd7 27.g5 hxg5 28.hxg5 Bxg5 29.Rh2 Bh6
30.Bg4 Rcc7 31.Be6 Nc5 32.Rf3 a5 33.Bf5 Re7 34.Kf1 Ne4 35.Rd3 Re8 36.Re2 Nc5
37.Rxe8+ Kxe8 38.Rh3 Re7 39.Bc2 Kf8 40.Rg3 f6 41.Rh3 Kf7 42.Bf5 Ne4 43.Kg2 Ng5
44.Bxf6 Re2+ 45.Kf1 Nxh3  0-1

[Event "Berliner Sommer"]
[Site "Berlin"]
[Date "1993.??.??"]
[Round "?"]
[White "Sorensen, Jan"]
[Black "Zimmer, Ralph"]
[Result "1/2-1/2"]
[WhiteElo "2395"]
[BlackElo "2250"]

1.e4 c5 2.Nf3 Nc6 3.Nc3 e6 4.d4 cxd4 5.Nxd4 Nf6 6.Be2 Bb4 7.O-O Bxc3 8.bxc3 Nxe4
9.Bd3 Nxc3 10.Qg4 Qf6 11.Nxc6 h5 12.Qg3 bxc6 13.Bg5 Qd4 14.Qc7 O-O 15.Be3 Qf6
16.Qd6 Qd8 17.Qe5 Nd5 18.Bc5 Re8 19.Qxh5 Nf6 20.Qh4 d5 21.Rae1 e5 22.Rxe5 Rxe5
23.Bh7+ Kh8 24.Bf5+ Kg8 25.Bh7+ Kh8 26.Bf5+  1/2-1/2

[Event "Berliner Sommer"]
[Site "Berlin"]
[Date "1993.??.??"]
[Round "?"]
[White "Pachow, Joerg"]
[Black "Kos, Sebastian"]
[Result "1-0"]
[WhiteElo "2305"]
[BlackElo "2205"]

1.e4 c5 2.Nf3 Nc6 3.Nc3 e6 4.d4 cxd4 5.Nxd4 d6 6.Be2 Nf6 7.O-O Be7 8.Kh1 a6
9.a4 O-O 10.f4 Qc7 11.Be3 Bd7 12.Qe1 Rac8 13.Rd1 Nxd4 14.Bxd4 e5 15.Bg1 Bc6
16.Nd5 Nxd5 17.exd5 Bxa4 18.b3 Bd7 19.fxe5 Qxc2 20.Bd3 Qc3 21.Qe4 g6 22.Bd4 Qc7
23.e6 fxe6 24.dxe6 Bb5 25.Rf7 Rxf7 26.exf7+ Kxf7 27.Qd5+ Ke8 28.Bxb5+ axb5
29.Re1 Qd8 30.h3 Kf8 31.Rf1+ Ke8 32.Qf7+ Kd7 33.Re1 Rc6 34.Qe6+ Ke8 35.Bf6 Rc7
36.Qg8+ Kd7 37.Rxe7+ Qxe7 38.Bxe7 Kxe7 39.Qxh7+ Kd8  1-0

[Event "Berliner Sommer"]
[Site "Berlin"]
[Date "1993.??.??"]
[Round "?"]
[White "Van der Vorm, Teun"]
[Black "Ikonnikov, Vyacheslav"]
[Result "1/2-1/2"]
[WhiteElo "2370"]
[BlackElo "2485"]

1.e4 c5 2.Nf3 Nc6 3.Nc3 e6 4.d4 cxd4 5.Nxd4 Nf6 6.Ndb5 d6 7.Bf4 e5 8.Bg5 a6
9.Na3 b5 10.Nd5 Be7 11.Bxf6 Bxf6 12.c3 O-O 13.Nc2 Rb8 14.Be2 Bg5 15.O-O a5
16.Qd3 Be6 17.Rfd1 g6 18.Na3 Na7 19.b3 f5 20.Bf3 Qd7 21.Ne3 Bxe3 22.fxe3 Rbd8
23.exf5  1/2-1/2

[Event "Berliner Sommer"]
[Site "Berlin"]
[Date "1993.??.??"]
[Round "?"]
[White "Milov, Leonid"]
[Black "Brodsky, Michail"]
[Result "1-0"]
[WhiteElo "2480"]
[BlackElo "2515"]

1.e4 c5 2.Nf3 e6 3.d4 cxd4 4.Nxd4 Nc6 5.Nc3 a6 6.Nxc6 bxc6 7.Bd3 Qc7 8.O-O Nf6
9.Qe2 d6 10.Na4 Be7 11.c4 Nd7 12.b3 Bf6 13.Bb2 Bxb2 14.Qxb2 O-O 15.Rad1 c5
16.f4 Bb7 17.Bb1 Rad8 18.Qf2 Nb6 19.Nc3 f5 20.exf5 exf5 21.Bd3 Rde8 22.Rfe1 Qf7
23.Be2 Re6 24.Bf3 Rfe8 25.Rxe6 Rxe6 26.h3 Qe7 27.Rd3 h6 28.Kh2 Kh7 29.Bxb7 Qxb7
30.Qh4 Qd7 31.Qh5 Re1 32.Qf3 Re6 33.Nd5 Nc8 34.Qh5 g6 35.Qh4 Kg7 36.Qf2 Qf7
37.Qb2+ Kh7 38.Qa3 Qb7 39.Qa5 Kg7 40.Qd8 Qc6 41.Re3  1-0

[Event "Berliner Sommer"]
[Site "Berlin"]
[Date "1993.??.??"]
[Round "?"]
[White "Klovans, Janis"]
[Black "Brodsky, Michail"]
[Result "1-0"]
[WhiteElo "2415"]
[BlackElo "2515"]

1.e4 c5 2.Nf3 e6 3.d4 cxd4 4.Nxd4 Nc6 5.Nc3 a6 6.Be2 Qc7 7.O-O Nf6 8.Be3 Be7
9.f4 d6 10.Kh1 O-O 11.a4 Rd8 12.Qe1 Nxd4 13.Bxd4 e5 14.Bg1 exf4 15.a5 Rf8
16.Rxf4 Be6 17.Bd4 Nd7 18.Nd5 Bxd5 19.exd5 Rae8 20.Qg3 g6 21.Bd3 Ne5 22.b4 Qd8
23.Bb6 Qd7 24.c4 f5 25.Bc2 Ra8 26.Ba4 Qc8 27.c5 dxc5 28.Re1 Bf6 29.bxc5 Kh8
30.c6 bxc6 31.dxc6 g5 32.Rd4 f4 33.Qb3 f3 34.Rde4 Qf5 35.Qe3 fxg2+ 36.Kxg2 Ng6
37.Kh1 Nf4 38.c7 Qd5 39.Qc5 Qd3 40.Qe3 Qd5 41.Qf3 Ng6 42.R4e3 Qd2 43.Rd1 Qa2
44.Bb3 Qb2 45.Re2 Qa3 46.Bd5 Qa4 47.Ra2  1-0

[Event "Berliner Sommer"]
[Site "Berlin"]
[Date "1993.??.??"]
[Round "?"]
[White "Istratescu, Andrei"]
[Black "Ioseliani, Nana"]
[Result "1-0"]
[WhiteElo "2505"]
[BlackElo "2470"]

1.e4 c5 2.Nf3 e6 3.d4 cxd4 4.Nxd4 Nc6 5.Nc3 Qc7 6.g3 a6 7.Bg2 Nf6 8.O-O d6
9.Re1 Bd7 10.Nxc6 bxc6 11.Na4 Rb8 12.c4 c5 13.Nc3 Be7 14.g4 Bc8 15.g5 Nd7
16.f4 O-O 17.b3 Re8 18.Bb2 Bb7 19.Qg4 Bf8 20.Re3 g6 21.Ne2 Bg7 22.Bxg7 Kxg7
23.Rd1 Rbd8 24.Qh4 Nf8 25.Red3 Kg8 26.Ng3 Qe7 27.Nf1 Rd7 28.Rh3 h5 29.Ng3 Nh7
30.Nxh5 gxh5 31.Qxh5 f5 32.exf5 exf5 33.Qg6+ Kf8 34.Qxf5+ Kg8 35.Bxb7 Rxb7
36.Qg6+ Kf8 37.Qxd6 Qxd6 38.Rxd6 Kg7 39.Rf3 Rbe7 40.h4 Re1+ 41.Kg2 Nf8 42.f5 R8e4
43.Rxa6 Rxh4 44.Ra7+ Kg8 45.g6 Rg4+ 46.Rg3 Rg1+ 47.Kxg1 Rxg3+ 48.Kf2 Rd3
49.Ke2 Rd6 50.Re7 Ra6 51.a4 Rb6 52.a5 Ra6 53.Kd3 Rxa5 54.f6 Ra6 55.g7 Rxf6
56.gxf8=Q+ Kxf8 57.Re5 Rc6 58.Kc3 Rc8 59.b4 cxb4+ 60.Kxb4 Rb8+ 61.Ka5 Kf7
62.c5 Kf6 63.Re1  1-0

[Event "Berliner Sommer"]
[Site "Berlin"]
[Date "1993.??.??"]
[Round "?"]
[White "Ciemniak, Robert"]
[Black "Boguslawsky, Maxim"]
[Result "1/2-1/2"]
[WhiteElo "2415"]
[BlackElo "2290"]

1.e4 c5 2.Nc3 e6 3.Nf3 Nc6 4.d4 cxd4 5.Nxd4 Nf6 6.Ndb5 Bb4 7.a3 Bxc3+ 8.Nxc3 d5
9.exd5 exd5 10.Bd3 O-O 11.O-O d4 12.Ne4 Bf5 13.Bg5 Bxe4 14.Bxe4 Qd6 15.Bxf6 Qxf6
16.Qh5 g6 17.Qb5 Rae8 18.Rae1 Re7 19.Bf3 Rc8 20.Rxe7 Qxe7 21.Rd1 Ne5 22.Be4 Ng4
23.Qxb7 Qxb7 24.Bxb7 Rxc2 25.h3 Rxb2 26.Bc8 Ne5 27.Rxd4 Rc2 28.Bb7 Rc7 29.Bd5 Rd7
30.f4 Nc6 31.Rd3 Kf8 32.Kf2 Ne7 33.Bc4 Rxd3 34.Bxd3 Nd5 35.Kf3 Ke7 36.Ke4 Kd6
37.g4 f6 38.h4 Kc5 39.f5 Nc3+ 40.Kf3 gxf5 41.Kf4 Kd4 42.Bxf5 Nd5+ 43.Kf3 h6
44.Be6 Ne7 45.Kf4 Kd3 46.Bf7 Kd4 47.Be6  1/2-1/2

[Event "Berliner Sommer"]
[Site "Berlin"]
[Date "1993.??.??"]
[Round "?"]
[White "Ciornei, Dragos"]
[Black "Teske, Henrik"]
[Result "0-1"]
[WhiteElo "2275"]
[BlackElo "2475"]

1.e4 c5 2.Nf3 e6 3.d4 cxd4 4.Nxd4 Nc6 5.Nc3 Qc7 6.Be2 a6 7.O-O Nf6 8.Kh1 Nxd4
9.Qxd4 Bc5 10.Qd3 h5 11.f3 b5 12.Be3 Bb7 13.Bxc5 Qxc5 14.Rad1 Rc8 15.f4 d5
16.exd5 exd5 17.Bf3 O-O 18.a3 Rfe8 19.Rfe1 Ng4 20.Bxg4 hxg4 21.Re5 f6 22.Rxe8+ Rxe8
23.Qf5 Qf2 24.Rg1 Re1  0-1

[Event "Biel op"]
[Site "Biel"]
[Date "1993.??.??"]
[Round "2"]
[White "Womacka, Mathias"]
[Black "Mathe, Aurelien"]
[Result "1-0"]
[WhiteElo "2425"]
[BlackElo "2220"]

1.e4 c5 2.Nf3 e6 3.d4 cxd4 4.Nxd4 Nc6 5.Nc3 Qc7 6.f4 a6 7.Be2 d6 8.Be3 Nf6
9.O-O Be7 10.Qe1 O-O 11.Qg3 Nxd4 12.Bxd4 b5 13.a3 Bb7 14.Rae1 Bc6 15.Bd3 Rad8
16.Kh1 Qb7 17.Qh3 g6 18.f5 gxf5 19.Qh6 e5 20.Rxf5 Ng4 21.Qh5 Nf6 22.Qg5+ Kh8
23.Rxf6 Rg8 24.Qh6 exd4 25.Rxf7  1-0

[Event "Biel op"]
[Site "Biel"]
[Date "1993.??.??"]
[Round "2"]
[White "De Firmian, Nick E"]
[Black "Langeweg, Kick"]
[Result "1-0"]
[WhiteElo "2545"]
[BlackElo "2380"]

1.e4 c5 2.Nf3 e6 3.d4 cxd4 4.Nxd4 Nc6 5.Nc3 a6 6.g3 d6 7.Bg2 Bd7 8.O-O Nf6
9.a4 Be7 10.Nb3 O-O 11.Qe2 Qc7 12.f4 Nb4 13.Be3 b6 14.Rad1 Rab8 15.g4 d5
16.e5 Ne4 17.Nxe4 dxe4 18.Bxe4 Bxa4 19.Nd4 Rfd8 20.Ra1 Be8 21.c3 Bc5 22.Rfd1 Bxd4
23.Bxd4 Bb5 24.Qf3 Nc6 25.Bf2 Ne7 26.Bh4 Rxd1+ 27.Rxd1 Rd8 28.f5 Ba4 29.Rxd8+ Qxd8
30.Bd3 Be8 31.Kf2 b5 32.Ke2 Qc7 33.Bxe7 Qxe7 34.f6 Qc7 35.Qe4 gxf6 36.Qxh7+ Kf8  1-0

[Event "Biel op"]
[Site "Biel"]
[Date "1993.??.??"]
[Round "5"]
[White "Herbrechtsmeier, Christof"]
[Black "Chloupek, Stanislav"]
[Result "1-0"]
[WhiteElo "2285"]
[BlackElo "2295"]

1.e4 c5 2.Nf3 e6 3.d4 cxd4 4.Nxd4 Nc6 5.Nc3 Qc7 6.g3 a6 7.Bg2 Nf6 8.O-O d6
9.Nxc6 bxc6 10.Re1 Be7 11.e5 dxe5 12.Rxe5 O-O 13.Bf4 Bd6 14.Rxe6 Bxf4 15.Rxc6 Qa5
16.Rxf6 gxf6 17.Bxa8 Be5 18.Qf3 Be6 19.Be4 Rb8 20.Rd1 Rxb2 21.Qh5 Bxc3 22.Qh6 Qc7
23.Bxh7+ Kh8 24.Be4+ Kg8 25.Bh7+ Kh8 26.Bf5+ Kg8 27.Qh7+ Kf8 28.Bxe6 Rb8
29.Rd7 Rb1+ 30.Kg2 Qc6+ 31.f3  1-0

[Event "Biel Interzonal"]
[Site "Biel"]
[Date "1993.??.??"]
[Round "5"]
[White "Frolov, Artur"]
[Black "Kalesis, Nikolaos"]
[Result "1-0"]
[WhiteElo "2535"]
[BlackElo "2410"]

1.e4 c5 2.Nf3 e6 3.d4 cxd4 4.Nxd4 Nc6 5.Nc3 Qc7 6.Be3 a6 7.Qd2 b5 8.Nxc6 Qxc6
9.f3 Bb4 10.Qd4 Bxc3+ 11.bxc3 f6 12.c4 Ne7 13.Qc5 Qxc5 14.Bxc5 bxc4 15.Bxc4 Bb7
16.Rb1 Bc6 17.Rb6 a5 18.Kd2 Kf7 19.Rhb1 h5 20.h4 Rhg8 21.Bb5 g5 22.Bxe7 Bxb5
23.R1xb5 Kxe7 24.hxg5 Rxg5 25.Rxg5 fxg5 26.Rb5 Kf6 27.a4 h4 28.c4 d6 29.Ke3 Rc8
30.Kd4 h3 31.gxh3 Rh8 32.Rxa5 Rxh3 33.Ra8 Kf7 34.e5 Rh4+ 35.Kd3 dxe5 36.a5 Rf4
37.a6 Rxf3+ 38.Ke2 Ra3 39.a7 Kg7 40.c5  1-0

[Event "Biel op"]
[Site "Biel"]
[Date "1993.??.??"]
[Round "6"]
[White "De Firmian, Nick E"]
[Black "Franzoni, Giancarlo"]
[Result "1-0"]
[WhiteElo "2545"]
[BlackElo "2440"]

1.e4 c5 2.Nf3 e6 3.d4 cxd4 4.Nxd4 Nc6 5.Nc3 Qc7 6.g3 a6 7.Bg2 Nf6 8.O-O Nxd4
9.Qxd4 Bc5 10.Qd3 d6 11.Na4 Ba7 12.c4 Bd7 13.Nc3 Rc8 14.Bf4 Bb8 15.b3 b5
16.Rfc1 bxc4 17.bxc4 O-O 18.c5 Qxc5 19.Nd5 Qb5 20.Rxc8 Bxc8 21.Nxf6+ gxf6
22.Qd1 Qa5 23.Bh6 e5 24.Bxf8 Kxf8 25.Rb1 Ba7 26.Qxd6+ Kg7 27.Qd5 Qc3 28.Qd1 Be6
29.Rc1 Qa3 30.Rc2 Bd4 31.Bf1 a5 32.Bc4 Bxc4 33.Rxc4 Qxa2 34.Qc2 Qa1+ 35.Kg2 Qe1
36.Ra4 Kg6 37.Ra3 Qb4 38.Rf3 Qb7 39.h4 Kg7 40.h5 Qd7 41.Qd2 Qc6 42.Qxa5 Qxe4
43.Qa6 f5 44.h6+ Kf8 45.Qf6 Ke8 46.Qh8+ Ke7 47.Qxh7  1-0

[Event "Bled op"]
[Site "Bled"]
[Date "1993.??.??"]
[Round "?"]
[White "Simic, Dragan"]
[Black "Jelen, Iztok"]
[Result "1/2-1/2"]
[WhiteElo "2250"]
[BlackElo "2390"]

1.e4 c5 2.Nf3 e6 3.Nc3 Nc6 4.d4 cxd4 5.Nxd4 Nf6 6.Nxc6 bxc6 7.e5 Nd5 8.Ne4 Qc7
9.f4 Qa5+ 10.Qd2 Qb6 11.Bd3 Be7 12.Qe2 O-O 13.c4 f5 14.cxd5 fxe4 15.Qxe4 Qb4+
16.Qxb4 Bxb4+ 17.Bd2 Bxd2+ 18.Kxd2 cxd5 19.g3 a5 20.Rhc1 g5 21.fxg5 Rf2+
22.Ke3 Rxb2 23.Rc7 Ba6 24.Bxa6 Rxa6 25.Rxd7 Rc6 26.g6 h6 27.Rf1 Rc3+ 28.Kd4 Rc4+
29.Kd3 Rxa2 30.Rff7 Ra3+ 31.Kd2 Ra2+ 32.Kd1 Rc8 33.Rg7+ Kh8 34.Rh7+ Kg8 35.Rxh6 Rcc2
36.g7 Rxh2 37.Rh8+ Rxh8 38.gxh8=Q+ Kxh8 39.Re7  1/2-1/2

[Event "Bratislava op"]
[Site "Bratislava"]
[Date "1993.??.??"]
[Round "1"]
[White "Ciuksyte, Dagne"]
[Black "Martinez, F."]
[Result "1-0"]
[WhiteElo "2105"]
[BlackElo "2160"]

1.e4 c5 2.Nf3 e6 3.Nc3 Nc6 4.d4 cxd4 5.Nxd4 Bb4 6.Be3 Nf6 7.Bd3 O-O 8.O-O a6
9.f4 d5 10.e5 Nd7 11.Qh5 h6 12.f5 Ndxe5 13.Nxc6 bxc6 14.f6 Nxd3 15.fxg7 Kxg7
16.Bxh6+ Kg8 17.Qg4+  1-0

[Event "Wch U18"]
[Site "Bratislava"]
[Date "1993.??.??"]
[Round "3"]
[White "Doornbos, Yann"]
[Black "Kumaran, Dharshan"]
[Result "1/2-1/2"]
[WhiteElo "2235"]
[BlackElo "2385"]

1.e4 c5 2.Nf3 e6 3.d4 cxd4 4.Nxd4 Nc6 5.Nc3 Qc7 6.g3 a6 7.Bg2 Nf6 8.O-O Nxd4
9.Qxd4 Bc5 10.Bf4 d6 11.Qd3 Nd7 12.Na4 e5 13.Bd2 b5 14.Nxc5 Nxc5 15.Qe2 Bb7
16.Rfd1 O-O 17.Bb4 f5 18.Qd2 Nxe4 19.Bxe4 fxe4 20.Bxd6 Qc6 21.Bxf8 e3 22.Qd5+ Qxd5
23.Rxd5 Bxd5 24.Bd6 e2 25.f4 exf4 26.Bxf4 Rc8 27.c3 Bxa2 28.Kf2 Re8 29.Ke1 Bc4
30.Rxa6 h6 31.Rb6 g5 32.Rb8 Rxb8 33.Bxb8 g4 34.b3 Bd3 35.Bc7 Kf7 36.Bf4  1/2-1/2

[Event "Wch U18 Girls"]
[Site "Bratislava"]
[Date "1993.??.??"]
[Round "5"]
[White "Edzgveradze, Natalia"]
[Black "Gaponenko, Inna"]
[Result "0-1"]
[WhiteElo "2125"]
[BlackElo "2265"]

1.e4 c5 2.Nf3 e6 3.d4 cxd4 4.Nxd4 Nc6 5.Nc3 Qc7 6.Be2 a6 7.O-O Nf6 8.Be3 Be7
9.f4 d6 10.Qe1 O-O 11.Kh1 Nxd4 12.Bxd4 b5 13.a3 Bb7 14.Qg3 Ne8 15.Bd3 Rc8
16.Rae1 Bf6 17.Bxf6 Nxf6 18.Qh4 Nd7 19.e5 h6 20.Re3 dxe5 21.Rg3 Kh8 22.f5 Nf6
23.Qh3 e4 24.Be2 exf5 25.Rxf5 Nh7 26.Qg4 Rg8 27.Nxe4 g6 28.Rc5 Qe7 29.Rxc8 Rxc8
30.Bd3 f5 31.Qxg6 fxe4 32.Be2 Qf6 33.Qg4 Ng5 34.h4 Ne6 35.Qh5 Nf4 36.Qg4 Nxe2
37.Qxe2 Rg8 38.Rc3 Qxh4+ 39.Rh3 Qg5 40.Qf2 e3 41.Qe2 Bxg2+  0-1

[Event "Wch U18"]
[Site "Bratislava"]
[Date "1993.??.??"]
[Round "7"]
[White "Ramesh, RB."]
[Black "Kumaran, Dharshan"]
[Result "0-1"]
[WhiteElo "2215"]
[BlackElo "2385"]

1.e4 c5 2.Nf3 e6 3.d4 cxd4 4.Nxd4 Nc6 5.Nc3 Qc7 6.Nxc6 bxc6 7.Bd3 Nf6 8.O-O Be7
9.Qe2 d5 10.exd5 exd5 11.Re1 Be6 12.h3 O-O 13.Qf3 Rfe8 14.Bf4 Bd6 15.Bxd6 Qxd6
16.b3 c5 17.Bf5 Rad8 18.Rad1 h6 19.Na4 Nd7 20.Bxe6 fxe6 21.Nb2 Nf6 22.Qd3 e5
23.Qf5 e4 24.f3 e3 25.Qd3 Qe5 26.Na4 Nh5 27.Qc3 Qg3 28.Rxe3 Nf4 29.Rd2 d4  0-1

[Event "Wch U18"]
[Site "Bratislava"]
[Date "1993.??.??"]
[Round "8"]
[White "Berzinsh, Roland"]
[Black "Petrov, Marijan"]
[Result "1/2-1/2"]
[WhiteElo "2395"]
[BlackElo "2330"]

1.e4 c5 2.Nc3 Nc6 3.Nge2 e6 4.d4 cxd4 5.Nxd4 Qc7 6.Be3 Nf6 7.Bd3 Be7 8.O-O O-O
9.Kh1 d6 10.f4 a6 11.Nf3 Nd7 12.e5 dxe5 13.fxe5 Ndxe5 14.Bf4 Qa5 15.Nxe5 Nxe5
16.Bxh7+ Kxh7 17.Qh5+ Kg8 18.Qxe5 Qxe5 19.Bxe5 Bd7 20.Rad1 Bc6 21.Bd6 Bxd6
22.Rxd6 Rfd8 23.Rfd1 Rxd6 24.Rxd6 Kf8 25.Kg1 Ke7 26.Rd2 Rd8 27.Rxd8 Kxd8
28.Kf2 Ke7 29.h4 Kf6 30.g3 Kf5 31.Ke3 e5 32.Nd1 Kg4 33.Kf2 Kh3 34.Ne3 Be4
35.Nc4 f6 36.c3 Bd5 37.Nd6 Bxa2 38.Nxb7 f5 39.Nd6 Be6 40.Ne8 g6 41.Ng7 Bd7
42.h5 gxh5 43.Nxh5 Bc6 44.Ng7 Kg4 45.Ne6  1/2-1/2

[Event "Wch U18"]
[Site "Bratislava"]
[Date "1993.??.??"]
[Round "11"]
[White "Spangenberg, Hugo"]
[Black "Kulaots, Kaido"]
[Result "0-1"]
[WhiteElo "2505"]
[BlackElo "2275"]

1.e4 c5 2.Nc3 Nc6 3.Nge2 e6 4.d4 cxd4 5.Nxd4 Qc7 6.g3 a6 7.Bg2 Nf6 8.O-O Be7
9.Re1 O-O 10.Nxc6 dxc6 11.e5 Nd5 12.Bd2 Rd8 13.Qg4 Nxc3 14.Bxc3 b5 15.a4 Bb7
16.axb5 axb5 17.Qe4 Qb6 18.Rxa8 Rxa8 19.Rd1 Rd8 20.Rxd8+ Qxd8 21.Bf3 Qd5
22.Qe3 Bc5 23.Qe2 Qd7 24.Be4 Bf8 25.Qf3 b4 26.Be1 Qd4 27.Qe3 Qxb2 28.f4 Ba6
29.Bd3 Bxd3 30.Qxd3 Qa2 31.Kf2 c5 32.Qb3 Qa6 33.c4 bxc3 34.Bxc3 Qd3 35.Qb2 h5
36.Qd2 Qd5 37.Qe2 c4 38.Qf3 Bc5+ 39.Kg2 Kf8 40.h3 Ke7 41.g4 hxg4 42.hxg4 Kd7
43.Qxd5+ exd5 44.Kf3 Kc6 45.Be1 Bd4 46.Bg3 Bb2 47.Ke3 d4+ 48.Ke4 d3 49.Be1 Bc1  0-1

[Event "Bruchkoebel MT"]
[Site "Bruchkoebel"]
[Date "1993.??.??"]
[Round "2"]
[White "Roeberg, Frank"]
[Black "Kersten, Uwe"]
[Result "0-1"]
[WhiteElo "2355"]
[BlackElo "2300"]

1.e4 c5 2.Nf3 e6 3.d4 cxd4 4.Nxd4 Nc6 5.Nc3 a6 6.f4 Qc7 7.Be2 b5 8.Nxc6 Qxc6
9.Bf3 Bb7 10.e5 Qc7 11.Ne4 Nh6 12.Be3 Nf5 13.Bf2 Rd8 14.g4 d5 15.Ng5 Ne7
16.Bg2 h6 17.Nf3 g5 18.fxg5 hxg5 19.O-O Ng6 20.Nxg5 Qxe5 21.Nf3 Qf4 22.Qd4 Rc8
23.Qb6 Ne5 24.Be3 Nxf3+ 25.Rxf3 Qxh2+ 26.Kf1 Rxc2 27.Rf2 Rxf2+ 28.Bxf2 Qb8
29.Rc1 Bd6 30.Bd4 Rg8 31.Bf3 Kd7 32.a4 Rc8 33.Rxc8 Bxc8 34.Qa5 Qc7 35.Qd2 Bf4
36.Qf2 bxa4 37.Bd1 Qc1 38.Kg2 Ke8 39.Bxa4+ Bd7 40.Bxd7+ Kxd7 41.Be5 Bxe5
42.Qxf7+ Kd8 43.Qf8+ Kc7 44.Qe7+ Kb8 45.Qb4+ Kc8 46.Qf8+ Kb7 47.Qb4+ Ka8
48.Qf8+ Bb8 49.Qg7 Qd2+ 50.Kf1 Qf4+ 51.Kg1 Qe5  0-1

[Event "Brussels zt"]
[Site "Brussels"]
[Date "1993.??.??"]
[Round "1"]
[White "Renet, Olivier"]
[Black "Berend, Fred"]
[Result "1-0"]
[WhiteElo "2535"]
[BlackElo "2305"]

1.e4 c5 2.Nf3 Nc6 3.d4 cxd4 4.Nxd4 e6 5.Nc3 a6 6.Be2 Qc7 7.O-O Nf6 8.Be3 Bb4
9.Na4 O-O 10.Nxc6 bxc6 11.c4 Bd6 12.g3 Nxe4 13.Bf3 f5 14.Bxe4 fxe4 15.c5 Be7
16.Qd4 Rb8 17.Qxe4 Qa5 18.b3 Rf5 19.Rac1 Rb4 20.Rc4 Rb5 21.Nb6 Rxb6 22.Ra4 Qb5
23.cxb6 d5 24.Qc2 c5 25.Rc1 d4 26.Rxd4 Bb7 27.Rf4 Qc6 28.Kf1 Qg2+ 29.Ke1 Rd5
30.Rd1 Bg5 31.Rxd5 Bxd5 32.Qxc5 Bxf4 33.Bxf4 Qe4+ 34.Kd2 Kf7 35.Qc7+ Kf6
36.Be3 Qh1 37.Bd4+ Kf5 38.Qf4+ Kg6 39.Qg4+ Kf7 40.Qxg7+ Ke8 41.Bc5  1-0

[Event "Budapest FS04 IM"]
[Site "Budapest"]
[Date "1993.??.??"]
[Round "1"]
[White "Werner, Marc"]
[Black "Sziva, Erika"]
[Result "1-0"]
[WhiteElo "2350"]
[BlackElo "2235"]

1.e4 c5 2.Nf3 e6 3.d4 cxd4 4.Nxd4 Nc6 5.Nc3 Qc7 6.Be3 a6 7.Bd3 Nf6 8.O-O Ne5
9.h3 Bc5 10.Qe2 d6 11.f4 Ng6 12.Kh1 O-O 13.Rae1 Bd7 14.Nb3 Bxe3 15.Qxe3 Rad8
16.e5 dxe5 17.fxe5 Nd5 18.Nxd5 exd5 19.Nd4 Qb6 20.Bxg6 hxg6 21.b3 Rc8 22.Qf4 Qc7
23.Rf2 g5 24.Qd2 Qc3 25.Re3 Qxd2 26.Rxd2 g4 27.h4 Rfe8 28.Kh2 Re7 29.Kg3 Rce8
30.Kf4 Kh7 31.Nf5 Re6 32.Rxd5 Bc6 33.Rd2 f6 34.Rde2 fxe5+ 35.Rxe5 Rxe5 36.Rxe5 Rxe5
37.Kxe5 Bxg2 38.Kf4 Bf3 39.Ne3 b5 40.Nxg4 Bd5 41.Ne3 Bb7 42.c4 bxc4 43.bxc4 Kg6
44.Ke5 Kh5 45.Nf5 g6 46.Ne3 a5 47.c5 a4 48.a3 Ba6 49.c6 Bd3 50.c7 Ba6 51.Kd5  1-0

[Event "Budapest FS04 IM"]
[Site "Budapest"]
[Date "1993.??.??"]
[Round "1"]
[White "Vuckovic, Aleksandar"]
[Black "Fancsy, Imre"]
[Result "1/2-1/2"]
[WhiteElo "2345"]
[BlackElo "2300"]

1.e4 c5 2.Nf3 e6 3.Nc3 Nc6 4.d4 cxd4 5.Nxd4 Qc7 6.Be3 a6 7.Bd3 Nf6 8.Nxc6 bxc6
9.f4 d5 10.e5 Nd7 11.O-O c5 12.Bf2 Bb7 13.Re1 c4 14.Bf1 Bc5 15.Bxc5 Qxc5+
16.Kh1 O-O 17.Qg4 g6 18.Ne2 a5 19.Ng3 Kh8 20.Rad1 a4 21.h4 Rg8 22.Qg5 Bc6
23.b3 axb3 24.axb3 cxb3 25.cxb3 Ra2 26.Rc1 Rc2 27.Ne2 Bb5 28.Rxc2 Qxc2 29.Nd4 Qf2
30.Bxb5 Qxe1+ 31.Kh2 Qb4 32.Bxd7 Qxd4 33.Qf6+ Rg7 34.b4 Qxb4 35.Qd8+ Rg8
36.Qf6+  1/2-1/2

[Event "Budapest FS03 IM"]
[Site "Budapest"]
[Date "1993.??.??"]
[Round "2"]
[White "Soylu, Suat"]
[Black "Armanda, Ivica"]
[Result "1-0"]
[WhiteElo "2340"]
[BlackElo "2285"]

1.e4 c5 2.Nf3 e6 3.d4 cxd4 4.Nxd4 Nc6 5.Nc3 Qc7 6.Be2 a6 7.O-O Nf6 8.Kh1 b5
9.a3 Bb7 10.f4 Nxd4 11.Qxd4 Bc5 12.Qd3 h5 13.Bf3 Ng4 14.Qe2 g5 15.e5 gxf4
16.Bxf4 f5 17.Rad1 O-O-O 18.Rd3 Qb6 19.Nd1 Kb8 20.b4 Be7 21.Nb2 Bxf3 22.gxf3 Qc6
23.c4 Rc8 24.c5 Rhg8 25.h3 Bg5 26.Bxg5 Rxg5 27.Rd6 Qc7 28.Rxa6  1-0

[Event "Budapest FS08 IM"]
[Site "Budapest"]
[Date "1993.??.??"]
[Round "2"]
[White "Borocz, Istvan"]
[Black "Dolgener, Tobias"]
[Result "1-0"]
[WhiteElo "2335"]
[BlackElo "2235"]

1.e4 c5 2.Nf3 e6 3.d4 cxd4 4.Nxd4 Nc6 5.Nc3 Nf6 6.Ndb5 d6 7.Bf4 e5 8.Bg5 a6
9.Na3 b5 10.Bxf6 gxf6 11.Nd5 Bg7 12.c3 Ne7 13.Nc2 Nxd5 14.Qxd5 Ra7 15.Ne3 O-O
16.Be2 f5 17.Nxf5 Be6 18.Qxd6 Rd7 19.Qxa6 Rd2 20.Bxb5 Bc8 21.Qa4 Rxb2 22.O-O Bxf5
23.exf5 e4 24.Bc6 Qb6 25.Qxe4 Bxc3 26.Rab1 Rd8 27.Rxb2 Qxb2 28.Bd5 Qb5 29.Qg4+ Kf8
30.Bb3 Rd4 31.Qh5 Qd7 32.Qxh7 Rd2 33.Qh6+ Bg7 34.Qg5 Qd4 35.Qh5 Qa7 36.f6  1-0